Xue zhan Kunlun guan /
Saved in:
| 其他作者: | , , |
|---|---|
| 格式: | 图书 |
| 语言: | Chinese |
| 出版: |
Beijing :
Zhongguo wen shi chu ban she,
2005.
|
| 版: | Beijing di 2 ban. |
| 丛编: | Guo min dang gao ji jiang xiao kang ri zhan zheng qing li ji.
|
| 主题: | |
| 标签: |
添加标签
没有标签, 成为第一个标记此记录!
|
| LEADER | 01837cam a2200457 a 4500 | ||
|---|---|---|---|
| 001 | 010219005-4 | ||
| 005 | 20090615101527.0 | ||
| 008 | 081229s2005 cc af 000 0 chi c | ||
| 020 | |a 9787503415906 | ||
| 020 | |a 7503415908 | ||
| 035 | 0 | |a ocn294858584 | |
| 040 | |a ZCU |c ZCU |d ZCU |d HMY | ||
| 042 | |a pcc | ||
| 043 | |a a-cc-kc | ||
| 090 | |a DS777.53 |b .G862 2005 vol.9 | ||
| 245 | 0 | 0 | |6 880-01 |a Xue zhan Kunlun guan / |c Wan Gaochao, Wang Jiankang, Wei Mingkang bian. |
| 250 | |6 880-02 |a Beijing di 2 ban. | ||
| 260 | |6 880-03 |a Beijing : |b Zhongguo wen shi chu ban she, |c 2005. | ||
| 300 | |a 17, 220 p., [4] p. of plates : |b ill. : |c 21 cm. | ||
| 490 | 1 | |6 880-04 |a Guo min dang gao ji jiang xiao kang ri zhan zheng qing li ji | |
| 650 | 0 | |a Sino-Japanese War, 1937-1945 |x Campaigns |z China |z Guangxi Zhuangzu Zizhiqu. | |
| 650 | 0 | |a Sino-Japanese War, 1937-1945 |v Personal narratives, Chinese. | |
| 651 | 0 | |6 880-05 |a Guangxi Zhuangzu Zizhiqu (China) |x History, Military. | |
| 651 | 0 | |6 880-06 |a Nanning Diqu (China) |x History, Military. | |
| 700 | 1 | |6 880-07 |a Wan, Gaochao. | |
| 700 | 1 | |6 880-08 |a Wang, Jiankang. | |
| 700 | 1 | |6 880-09 |a Wei, Mingkang. | |
| 880 | 0 | 0 | |6 245-01 |a 血战昆仑关 / |c 万高潮, 王健康, 魏明康编. |
| 880 | |6 250-02 |a 北京第2版. | ||
| 880 | |6 260-03 |a 北京 : |b 中国文史出版社, |c 2005. | ||
| 880 | 1 | |6 490-04 |a 国民党高级将校抗日战争亲历记 | |
| 880 | 4 | |6 651-05 |a 广西壮族自治区(China) |x History, Military. | |
| 880 | 4 | |6 651-06 |a 南宁地区(China) |x History, Military. | |
| 880 | 1 | |6 700-07 |a 万高潮. | |
| 880 | 1 | |6 700-08 |a 王健康. | |
| 880 | 1 | |6 700-09 |a 魏明康. | |
| 830 | 0 | |6 880-10 |a Guo min dang gao ji jiang xiao kang ri zhan zheng qing li ji. | |
| 880 | 0 | |6 830-10 |a 国民党高级将校抗日战争亲历记. | |
| 988 | |a 20070125 | ||
| 049 | |a HMYC |o d | ||
| 906 | |0 OCLC | ||


